01024 a2200193 4500003000500000005001700005010001700022020002800039035002300067040000900090082001500099100001700114245012200131260004300253300003400296505044400330650003400774700002200808Nust20220725125357.0 a 2005042807 a026214087X (alk. paper) a(OCoLC)ocm57613551 cNust00a004.16,NIS1 aNisan, Noam.14aThe elements of computing systems :bbuilding a modern computer from first principles /cNoam Nisan, Shimon Schocken. aCambridge, Mass. :bMIT Press,cc2005. axiv, 325 p. :bill. ;c24 cm. aBoolean Logic (Page-7), Boolean Arithmetic (Page-29), Sequential Logic (Page-41), Machine Language (Page-57), Computer Architecture (Page-79), Assembler (Page-103), Virtual Machine 1: Stack Arithmetic (Page-121), Virtual Machine 2: Program Control (Page-153), High Level Language (Page-173), Compiler 1: Syntax Analysis (Page-199), Compiler 2: Code Generation (Page-223), Operating System (Page-247), Postscript : More Fun To Go (Page-277) 0aElectronic digital computers.1 aSchocken, Shimon.